| 000 | nam a22 a 4500 | ||
|---|---|---|---|
| 999 |
_c173210 _d173210 |
||
| 003 | BLK | ||
| 005 | 20220410121723.0 | ||
| 008 | 180411b bul|||||r ||||||| ||bul|| | ||
| 010 | _aKNG00181591000 | ||
| 040 | _aBLK | ||
| 041 |
_aBUL _cBUL |
||
| 080 |
_aИспанска литература _b821.134.2 _x-31 _z821.134.2-31 |
||
| 100 | 1 |
_aСервантес, Мигуел _eпърви автор _9339475 |
|
| 139 |
_aСервантес, Мигуел _bС 34 |
||
| 245 | 1 | 0 |
_aНай-хубавото от Дон Кихот _cМигуел Сервантес; * Мигел де Сервантес; прев. и преразк. от исп. Димитър Подвързачов; подб., встъп. статия и свързващ текст на Христо Н. Джамбазки. |
| 257 | _aSPA | ||
| 260 |
_aСофия _bНар. култура _c1964 |
||
| 300 |
_a196 с. _c21 см |
||
| 380 | _aX | ||
| 500 | _a1. изд. 1961, със сер. бел. Библиотека за ученика и цена 0,44 лв.; 2. изд. 1962, 272 с. с цена 0,44 лв. и 30 080 тир. - В кн. авт. означен Мигуел Сервантес. - 30 090 тир. | ||
| 700 | 1 |
_aСервантес, Мигел де _e* _9366826 |
|
| 700 | 1 |
_aПодвързачов, Димитър _eпрев. и преразк. от исп. _9364693 |
|
| 700 | 1 |
_aДжамбазки, Христо Н. _eподб., встъп. статия и свързващ текст на _9382208 |
|
| 852 |
_aЦб 29515 _bЦб |
||
| 856 | 4 | _qpdf | |
| 856 | 4 | _qpdf | |
| 942 |
_cKNG _n0 _s1 |
||
| 944 |
_aCR _c11.09.2015 _kВалентина_Караджова |
||
| 944 |
_aED _c11.09.2015 _kВалентина_Караджова |
||